150 losowych Flag świata - Statystyki

Ogólne statystyki
  • Ten quiz został rozwiązany 11 razy
  • Średni wynik to 81 z 150
Statystyki odpowiedzi
Obrazkowy Hint Odpowiedź % Poprawnych
Algieria
100%
Anglia
100%
Arabia Saudyjska
100%
Brazylia
100%
Dania
100%
Egipt
100%
Etiopia
100%
Hiszpania
100%
Iran
100%
Izrael
100%
Kanada
100%
Katar
100%
Kenia
100%
Liban
100%
Łotwa
100%
Meksyk
100%
Monako
100%
Paragwaj
100%
Peru
100%
Polska
100%
Rosja
100%
Seszele
100%
Słowacja
100%
Ukraina
100%
Walia
100%
Włochy
100%
Zambia
100%
Cypr
88%
Islandia
88%
Panama
88%
Stany Zjednoczone
88%
Albania
86%
Argentyna
86%
Bułgaria
86%
Czechy
86%
Niemcy
86%
Szkocja
86%
Austria
83%
Chiny
83%
Gruzja
83%
Holandia
83%
Kamerun
83%
Madagaskar
83%
Malta
83%
Norwegia
83%
San Marino
83%
Serbia
83%
Tunezja
83%
Urugwaj
83%
Wielka Brytania
83%
Australia
80%
Jamajka
80%
Kazachstan
80%
Macedonia Północna
80%
Mikronezja
80%
Nigeria
80%
Rumunia
80%
Szwecja
80%
Tajwan
80%
Bangladesz
78%
Belgia
75%
Białoruś
75%
Czad
75%
Ekwador
75%
Estonia
75%
Indonezja
75%
Irlandia
75%
Laos
75%
Mali
75%
Mołdawia
75%
Niger
75%
Republika Południowej Afryki
75%
Salwador
75%
Słowenia
75%
Szwajcaria
75%
Tonga
75%
Watykan
75%
Wietnam
75%
Wyspy Owcze
75%
Armenia
71%
Demokratyczna Republika Konga
71%
Finlandia
71%
Irak
71%
Litwa
71%
Malezja
71%
Nowa Zelandia
71%
Singapur
71%
Tajlandia
71%
Antigua i Barbuda
67%
Azerbejdżan
67%
Bośnia i Hercegowina
67%
Burkina Faso
67%
Dominikana
67%
Dżibuti
67%
Fidżi
67%
Francja
67%
Grecja
67%
Indie
67%
Kambodża
67%
Kolumbia
67%
Kuwejt
67%
Liechtenstein
67%
Mongolia
67%
Papua Nowa Gwinea
67%
Turcja
67%
Turkmenistan
67%
Uganda
67%
Węgry
67%
Wybrzeże Kości Słoniowej
67%
Chile
63%
Grenlandia
63%
Andora
60%
Benin
60%
Botswana
60%
Brunei
60%
Ghana
60%
Gwinea Równikowa
60%
Japonia
60%
Kirgistan
60%
Korea Północna
60%
Korea Południowa
60%
Kostaryka
60%
Malawi
60%
Palau
60%
Saint Lucia
60%
Timor Wschodni
60%
Angola
57%
Gwatemala
57%
Kiribati
57%
Kosowo
57%
Republika Środkowoafrykańska
57%
Saint Vincent i Grenadyny
56%
Wyspy Salomona
56%
Bahamy
50%
Bahrajn
50%
Bhutan
50%
Brytyjskie Terytorium Oceanu Indyjskiego
50%
Chorwacja
50%
Dominika
50%
Gibraltar
50%
Grenada
50%
Guam
50%
Haiti
50%
Hongkong
50%
Kuba
50%
Libia
50%
Luksemburg
50%
Mauretania
50%
Mauritius
50%
Nauru
50%
Nikaragua
50%
Pakistan
50%
Portoryko
50%
Portugalia
50%
Rwanda
50%
Samoa
50%
Somalia
50%
Sri Lanka
50%
Sudan Południowy
50%
Surinam
50%
Tadżykistan
50%
Tanzania
50%
Tuvalu
50%
Uzbekistan
50%
Wenezuela
50%
Wyspy Cooka
50%
Zimbabwe
50%
Afganistan
44%
Gwinea
44%
Wyspy Marshalla
44%
Burundi
43%
Gabon
43%
Gwinea Bissau
43%
Jordania
43%
Komory
43%
Liberia
43%
Mjanma
43%
Oman
43%
Wyspy Kokosowe
43%
Czarnogóra
40%
Eswatini
40%
Gujana
40%
Johnston
40%
Lesotho
40%
Maroko
40%
Mozambik
40%
Pitcairn
40%
Senegal
40%
Sierra Leone
40%
Wyspa Man
40%
Erytrea
38%
Malediwy
38%
Syria
38%
Aruba
33%
Barbados
33%
Boliwia
33%
Brytyjskie Wyspy Dziewicze
33%
Curaçao
33%
Filipiny
33%
Kajmany
33%
Kongo
33%
Nepal
33%
Palestyna
33%
Republika Zielonego Przylądka
33%
Sudan
33%
Trynidad i Tobago
33%
Vanuatu
33%
Wyspa Bożego Narodzenia
33%
Wyspy Alandzkie
33%
Zjednoczone Emiraty Arabskie
33%
Jemen
29%
Jersey
29%
Wyspa Norfolk
29%
Antarktyka
25%
Belize
25%
Gambia
25%
Georgia Południowa i Sandwich Południowy
25%
Gujana Francuska
25%
Honduras
25%
Irlandia Północna
25%
Namibia
25%
Saba
25%
To nie Francja Saint Martin
25%
Samoa Amerykańskie
25%
Tokelau
25%
To nie Australia Wyspy Heard i McDonalda
25%
Wyspy Świętego Tomasza i Książęca
25%
Guernsey
22%
Anguilla
20%
Bermudy
20%
Brytyjskie Terytorium Antarktyczne
20%
Makau
20%
Mariany Północne
20%
Reunion
20%
Saint Kitts i Nevis
20%
Sint Eustatius
20%
Togo
20%
Turks i Caicos
20%
Wallis i Futuna
20%
Wyspy Dziewicze Stanów Zjednoczonych
20%
Akrotiri
17%
Francuskie Terytoria Południowe i Antarktyczne
17%
Gwadelupa
17%
Polinezja Francuska
17%
Sahara Zachodnia
17%
Wake
17%
Wyspa Świętej Heleny
17%
Palmyra
14%
Falklandy
13%
Martynika
13%
Midway
13%
Saint-Barthélemy
11%
To nie USA Dalekie Wyspy Mniejsze Stanów Zjednoczonych
0%
Dhekelia
0%
Holandia Karaibska
0%
Howland, Jarvis i Baker
0%
Kingman
0%
Majotta
0%
Montserrat
0%
Navassa
0%
Niue
0%
Nowa Kaledonia
0%
Saint Pierre i Miquelon
0%
Sint Maarten
0%
To nie Norwegia Svalbard i Jan Mayen
0%
Tristan da Cunha
0%
To nie Norwegia Wyspa Bouveta
0%
Wyspa Clippertona
0%
Wyspa Wniebowstąpienia
0%
Nie znaleziono quizów pasujących do podanych kryteriów
Rozkład punktacji
Procent ludzi z każdym wynikiem
Percentyl według liczby udzielonych odpowiedzi
Twoja historia wyników
Nie rozwiązałeś tego quizu